000 00300nam a2200121Ia 4500
008 240731s9999 xx 000 0 und d
022 _a1568-5543
245 0 _aComposite Interfaces
260 _bTaylor & Francis
856 _uhttps://www.tandfonline.com/loi/tcoi20
942 _2ddc
942 _cTFEJ
999 _c76023
_d76023
945 _a1
_bMadushi Gamage
_c1
_dMadushi Gamage